000 00796nas a2200253 4500
001 BR7701256
003 BR-BrBNA
005 20231205083119.0
007 ta
008 230509b bl.|||p| |||| 00| 00por d
040 _aBR-BrBNA
_bpor
_cBiblioteca Nacional de Agricultura
041 _a(Pt)
072 _aL72
100 1 _aFaccini, J.L.H.
100 1 _aMassard, C.L.
245 1 _aO genero Chorioptes gervais, 1895, parasita de ruminantes no Brasil (Psoroptidae, Acarina)[bovino, ovino, Rio Grande do Sul]
650 _aPARASITO DE ANIMAL
650 _aBOVINO
650 _aOVINO
650 _aACARO
773 0 _tRevista Brasileira de Biologia (Brazil)
_xISSN 0034-7108
_g(Dec 1976), v. 36(4) p. 871-872
_wBR7701256
909 _a202311
_bLúcia
_c55
_dLúcia Elande
942 _2AGRIS
_n0
_cANA
999 _c96496
_d96496